[Event "BEL FEFB-ch op"]
[Site "Fontaine l'Eveque"]
[Date "2009.05.30"]
[Round "3"]
[White "Remy, Sergey"]
[Black "Dewinck, Bernard"]
[Result "0-1"]
[WhiteElo "1150"]
[BlackElo "1859"]
[PlyCount "38"]
[EventDate "2009.05.29"]
[EventType "swiss"]
[EventRounds "7"]
[EventCountry "BEL"]
[SourceTitle "EXT 2012"]
[Source "ChessBase"]
[SourceDate "2011.11.24"]
[SourceVersion "1"]
[SourceVersionDate "2011.11.24"]
[SourceQuality "1"]

1. e4 e5 2. Nf3 Nc6 3. Bb5 a6 4. Bxc6 dxc6 5. 0-0 Bg4 6. Qe1 Bxf3 7. d3 Bh5 8. Qe3 Nf6 9. c3 Ng4 10. Qg3 Be7 11. Rd1 Bh4 12. Qxh4 Qxh4 13. d4 Qxh2+ 14. Kf1 Qh1+ 15. Ke2 Nh2+ 16. f3 Qxg2+ 17. Kd3 Qxf3+ 18. Kd2 Qxd1+ 19. Ke3 Qe2# 0-1